000 00779nam a2200241Ia 4500
003 OSt
005 20220926001432.0
006 a|||||r|||| 00| 0
007 ta
008 220923b |||||||| |||| 00| 0 eng d
037 _cGeneral Book
040 _aRTL
_cRTL
_beng
041 _2eng
_aeng
082 _aX93.2.N75<N74t, L5/GD
110 _aINDIA, PETROLEUM & CHEMICALS (Ministry of-)
_9303977
245 0 _aCommittee on public undertakings (1974-75)
_b Sixty-seventh report
260 _a New Delhi
_bLok Sabha secretariat
_c1975
300 _avii,269p.
_ccm.
500 _aAppendix :213-269p.
700 _aINDIA, PETROLEUM & CHEMICALS (Ministry of-)
_9303978
942 _hX93.2.N75<N74t, L5/GD
_cGB
_2CC
999 _c601550
_d601550